01108 a2200181 45000010006000000050017000060080041000230030015000640400040000790800027001192450157001460200022003032640075003253000019004005050310004191000023007298560174007522699820260407155547.0260407a2010 arg spa dAR-UNSa-BCEJYS aAR-UNSa-BCEJYSbspacAR-UNSa-BCEJYS a34(37)xDerecho Romano10aBeneficio de competenciapfuentes romanas, derecho intermedio y Latinoamericano: ejemplos y propuestas de extinsión en su proyección contemporánea a978-987-03-1588-9 1aBuenos Aires :bUniversidad de Buenos Aires. Facultad de Derechoc2010 a313 p.c24 cm. a1. La condena limitada a las posibilidades patrimoniales del deudor (en id quod debitor (REUS) facere potest) o beneficium competentiae en las fuentes romanas - 2. La condemnatio limitada o beneficium competentiae en el derecho intermedio - 3. El beneficio de competencia en los códigos Latinoamericanos1 aAbelenda, Virginia41uhttps://biblioeco.unsa.edu.ar/pmb/images/libros/Beneficio de Competencia-Fuentes Romanas, Derecho Intermedio y Latinoamericano-l117906.jpgyImagen de portadaqimage/jpeg